01756nam a2200385Ia 4500001001200000003000800012006001900020007001500039008004100054010001700095020001800112020001500130040002100145035002100166050002600187100002200213245011600235250003300351260005800384300002200442500003200464504006400496533015200560650006900712650007100781650007900852650005900931650007300990650006201063650005801125655002901183710001701212856012601229999001501355ebr10271604CaPaEBRm u cr cn|||||||||090311r20062005enka sb 001 0 eng d z 2009285948 z9780195312034 z0195312031 aCaPaEBRcCaPaEBR a(OCoLC)64679061914aRA412.2b.Q33 2006eb1 aQuadagno, Jill S.10aOne nation, uninsuredh[electronic resource] :bwhy the U.S. has no national health insurance /cJill Quadagno. aOxford University Press pbk. aOxford ;aNew York :bOxford University Press,c2006. axi,274 p. :bill. aOriginally published: 2005. aIncludes bibliographical references (p. 215-264) and index. aElectronic reproduction.bPalo Alto, Calif. :cebrary,d2011.nAvailable via World Wide Web.nAccess may be limited to ebrary affiliated libraries. 0aNational health insurancezUnited StatesxHistoryy20th century. 0aMedically uninsured personszUnited StatesxHistoryy20th century. 0aHealth insurancexGovernment policyzUnited StatesxHistoryy20th century. 0aRight to healthzUnited StatesxHistoryy20th century. 0aHealth services accessibilityzUnited StatesxHistoryy20th century. 0aHealth care reformzUnited StatesxHistoryy20th century. 0aMedical policyzUnited StatesxHistoryy20th century. 7aElectronic books.2local2 aebrary, Inc.40uhttp://site.ebrary.com/lib/rucke/Doc?id=10271604zAn electronic book accessible through the World Wide Web; click to view c7463d7463